000 01075cam a2200313 4500
005 20260322212052.0
008 data
010 _a74-9517
020 _a0061414387
020 _a9780061414381
040 _aDNLM
_cDNLM
041 0 9 _aeng
044 _9United States
060 0 0 _aWS 350
_bG398d 1974
096 _aWS 350 G389 1975
100 1 _aGesell, Arnold,
_d1880-1961.
245 1 0 _aGesell and Amatruda's Developmental diagnosis;
_bthe evaluation and management of normal and abnormal neuropsychologic development in infancy and early childhood.
_cArnold Gesell ... [et al.].
246 3 _aDevelopmental diagnosis
250 _a3d ed., rev. and enl. Editors: Hilda Knobloch [and] Benjamin Pasamanick.
260 _aHagerstown, Md.,
_bMedical Dept., Harper & Row
_c[c1974]
300 _axxv, 538 p.
_billus.
500 _aIncludes index.
650 2 _aChild Development
650 2 _aDevelopmental Disabilities
700 1 _aKnobloch, Hilda,
_d1915-
700 1 _aPasamanick, Benjamin,
_d1914-
700 1 _aAmatruda, Catherine Strunk,
_d1903-
001 data
999 _c1226
_d1226